| 000 | 01310nam0a2200397 4500 | ||
|---|---|---|---|
| 001 | RU\NLR\bibl\110837 | ||
| 005 | 20250617092020.0 | ||
| 010 |
_a5-87931-016-7 _911000 |
||
| 020 |
_aRU _b98-37826 _9Книжная летопись |
||
| 021 |
_aRU _b98-30159 _91428 |
||
| 035 | _a(NLR Aleph) 000108490 | ||
| 090 |
_a614867 _c614867 |
||
| 100 | _a20000410d1998 |||y0rusy50 ca | ||
| 101 | 0 | _arus | |
| 102 | _aRU | ||
| 105 | _ay ||||||||| | ||
| 200 | 1 |
_aВремя солнца _eИнд. стихи _fВладимир Росов |
|
| 210 |
_aСПб. _cЖурн. "Ариаварта" _cАгни _d1998 |
||
| 215 |
_a41,[2] с. _d12 |
||
| 311 | _aПрил. к журн. "Ариаварта" | ||
| 607 |
_aИндия _xв художественной литературе русской _92178580 _3RU\NLR\auth\661310252 |
||
| 675 |
_a882-1Росов _v3 _zrus |
||
| 686 |
_a17 _2rugasnti |
||
| 686 |
_a84(2Рос-Рус) _2rubbk |
||
| 686 | _aШ6(2=Р)75-5 | ||
| 686 | _aШ6(2=Р)75-94 | ||
| 700 | 1 |
_aРосов _gВладимир Андреевич _4070 |
|
| 801 | 0 |
_aRU _bRKP _c20000410 _gPSBO |
|
| 801 | 1 |
_aRU _bRKP _c20000410 |
|
| 801 | 2 |
_aRU _bNLR _c20001012 _grcr |
|
| 852 |
_aNLR _j98-4/13183 |
||
| 942 | _cBOOK | ||
| 980 | _aNB | ||